| 000 | 01047nam a2200277 i 4500 | ||
|---|---|---|---|
| 001 | 000013447 | ||
| 003 | DO-SdBNP | ||
| 005 | 20250205133623.0 | ||
| 007 | ta | ||
| 008 | 091124s1954 dr 001 0 spa d | ||
| 040 |
_aDO-SdBNP _bspa _cBNPHU |
||
| 041 | _aspa | ||
| 082 | 4 |
_aRD865.44 _bH565d _222 |
|
| 100 | 1 |
_aHerrera Billini, Hipólito _eautor _4aut. _930709 |
|
| 245 | 1 | 0 | _aDiscurso leído por el Lic. Hipólito Herrera Billini presidente de la Suprema Corte de Justicia en la solemne apertura de los tribunales celebrada, en 9 de enero 1954. |
| 264 | 1 |
_aCiudad Trujillo, República Dominicana : _bSuprema Corte de Justicia ; _bEditora del Caribe, _c1954. |
|
| 300 |
_a28 páginas ; _c24 cm. |
||
| 336 |
_atexto _btxt _2rdacontent |
||
| 337 |
_asin mediación _bn _2rdamedia |
||
| 338 |
_avolumen _bnc _2rdacarrier |
||
| 590 | _aInventariado, 2018/LP | ||
| 610 | 1 | 4 |
_aRepública Dominicana _bSuprema Corte de Justicia _97906 |
| 650 | 4 |
_aDiscursos presidenciales _910061 |
|
| 910 | _aValidado. Control de calidad MFF | ||
| 942 |
_2ddc _cLF2 |
||
| 999 |
_c13073 _d13073 |
||